IAS MAINS: (Record no. 183182)

MARC details
000 -LEADER
fixed length control field 00587 a2200181 4500
005 - DATE AND TIME OF LATEST TRANSACTION
control field 20220124130215.0
010 ## - LCCN (DPL NO)
LC control number ENG-130412
020 ## - INTERNATIONAL STANDARD BOOK NUMBER
International Standard Book Number 978-93-86720-20-7
Terms of availability 699.00
035 ## - SYSTEM CONTROL NUMBER
System control number EN-113944
037 ## - SOURCE OF ACQUISITION
Source of stock number/acquisition DBAD/PUB
082 ## - DEWEY DECIMAL CLASSIFICATION NUMBER
Classification number 485
Item number 1
245 ## - TITLE STATEMENT
Title IAS MAINS:
Remainder of title English Hindi Essay/
Statement of responsibility, etc Edited by Arpit Bajpai
260 ## - PUBLICATION, DISTRIBUTION, ETC. (IMPRINT)
Place of publication, distribution, etc Ghaziabad
Name of publisher, distributor, etc Rathore Publishers & Distributors
Date of publication, distribution, etc 2019
270 ## - ADDRESS
Address Basement 260, ShaktiKand-III, Indirapuram, Ghazidabad
City Uttar Pradesh
Postal code 201010
300 ## - PHYSICAL DESCRIPTION
Extent 214p.
Dimensions 22cm (hbk)
700 ## - ADDED ENTRY--PERSONAL NAME
Personal name Bajpai, Arpit
942 ## - ADDED ENTRY ELEMENTS (KOHA)
Institution code [OBSOLETE] dpl
Item type English Books
Source of classification or shelving scheme Dewey Decimal Classification
Classification part 485
Call number suffix IAS
Holdings
Withdrawn status Lost status Not for loan Collection code Home library Current library Date acquired Source of acquisition Cost, normal purchase price Full call number Barcode Copy number Cost, replacement price Koha item type
      Non-fiction Patel Nagar Patel Nagar 20/12/2021 DBAD/PUB 699.00 485 BAJ EN-113944 1 699.00 English Books

© Delhi Public Library
Hit Counter
free hit counter